01183cam a2200229 450050000500170000004100080001704200070002510000360003270000350006824500700010326000180017350000080019152005270019969000100072669000180073669000090075469000120076369000080077578600610078385600880084499900210093220260322010856.0 afre adc10aBousquet-Jacq, Nathalieeauthor10aCourtabessis, Élodieeauthor00aUtilisation de la Preschool Autism Communication Therapy en camsp c2026.  a100 aLa Preschool Autism Communication Therapy (pact) est un modèle d’intervention auprès des parents, basée sur de la guidance parentale par vidéo feedback. Il est destiné aux enfants porteurs de troubles du spectre de l’autisme diagnostiqués. Il s’agit de permettre au parent et à l’enfant de mieux communiquer grâce à la valorisation et au renforcement des compétences parentales. Nous présentons le contenu et l’intérêt de ce programme ainsi que des exemples de son utilisation en camsp. aCamsp acompétences aPact aparents aTsa0 nContraste | 63 | 1 | 2026-02-16 | p. 173-187 | 1254-768941uhttps://shs.cairn.info/revue-contraste-2026-1-page-173?lang=fr&redirect-ssocas=7080 c1760289d1760289